000 00478nam a2200181Ia 4500
008 230917s9999||||xx |||||||||||||| ||und||
020 _cRS520
040 _e224003
_aMAIN
041 _aEnglish
082 _a510.2462 J199A(4)
100 _aJain, R K
245 0 _aAdvanced engineering mathematics
250 _a4th ed.
260 _aNew Delhi
_bNarosa Publishing House
_c2014
300 _av. p.
500 _a1932 05/02/2015 HBD 6291 18/02/2015 Main Budget
942 _cBK
999 _c14438
_d14438